000 00878nam a22002177a 4500
003 JO-AjAnu
005 20241019120842.0
008 241019b jo ||||| |||| 00| 0 ara d
020 _a9789957764296
040 _aJO-AjAnu
_bara
_cJO-AjAnu
_dJO-AjAnu
_erda
041 _aara
_hara
050 _aN6260.
_bH8773 2016
100 1 _aالحسيني، قاسم جليل
_eمؤلف
_966318
245 0 _aالمنظومة الزخرفية في الفنون الاسلامية : دراسة في مفهوم الصيرورة /
_cتأليف قاسم جليل الحسيني
250 _aالطبعة الاولى
260 _aعمان :
_bدار الرضوان للنشر والتوزيع،
_c2016
300 _a224 صفحة
504 _aيحتوي على مراجع، يحتوي على صور وزخارف
650 7 0 _aالفنون الاسلامية
_966319
942 _2lcc
_cBK
_n0
999 _c33759
_d33759